| 000 | 00986cam a2200313 a 4500 | ||
|---|---|---|---|
| 999 |
_c6060 _d6060 |
||
| 001 | 6060 | ||
| 003 | BD-JhCC | ||
| 005 | 20180101164845.0 | ||
| 008 | 821119s1981 cau 001 0 eng d | ||
| 020 | _a0804710902 | ||
| 035 | _a(BD-JhCC)6060 | ||
| 035 | _a68590 | ||
| 040 |
_aVERC _cVERC _dXNTU |
||
| 041 | _aeng | ||
| 082 | 1 | 4 |
_a371.33582/099613 _219 _bSCH 1981 |
| 100 | 1 |
_aSchramm, Wilbur, _d1907- |
|
| 245 | 1 | 0 |
_aBold experiment : _bthe story of educational television in American Samoa / _cWilbur Schramm, Lyle M. Nelson, and Mere T. Betham. |
| 260 |
_aStanford, Calif. : _bStanford University Press, _c1981. |
||
| 300 |
_axvi, 244 p. ; _c22 cm. |
||
| 500 | _aIncludes index. | ||
| 504 | _aBibliography: p. 235-240. | ||
| 650 | 0 |
_aTelevision in education _zAmerican Samoa. |
|
| 650 | 0 |
_aEducation _zAmerican Samoa. |
|
| 650 | 0 |
_aSamoan Americans _xIntellectual life. |
|
| 700 | 1 | _aNelson, Lyle M. | |
| 700 | 1 | _aBetham, Mere T. | |
| 942 |
_2ddc _cBK |
||